Normal view
MARC view
Entry Personal Name
001 - CONTROL NUMBER
- control field: 21225
003 - CONTROL NUMBER IDENTIFIER
- control field: ARRUPE
005 - DATE AND TIME OF LATEST TRANSACTION
- control field: 20151207150725.0
008 - FIXED-LENGTH DATA ELEMENTS
- fixed length control field: 151207|| aca||aabn | a|a d
040 ## - CATALOGING SOURCE
- Original cataloging agency: ARRUPE
- Transcribing agency: ARRUPE
100 ## - HEADING--PERSONAL NAME
- Personal name: Bernier, Ronald M.
670 ## - SOURCE DATA FOUND
- Source citation: Work cat.: (ARRUPE): Bernier, Ronald M., The temples of Nepal , 1970